00395nam a2200133Ia 4500003000400000008004100004040001600045082001700061100001600078245009100094260005100185300000800236650001700244GCL140319s9999 xx 000 0 eng d aGCL / cGCL04a700.942bF C1 aFARD, BARIS10aThe Cambridge Guide to the Arts in Britian Since the Second World War. / cFARD, BARIS a[S.N] : bCOMBRIDGE UNIVERSITY PRESS ، c1988 a36904aART, ENGLAND